La case du père Tom ou Vie des nègres en Amérique / (Record no. 165798)

MARC details
000 -LEADER
campo de control de longitud fija 00690nam a22001935i 4500
001 - NÚMERO DE CONTROL
campo de control 165798
003 - IDENTIFICADOR DE NÚMERO DE CONTROL
campo de control ES-MaACL
005 - FECHA Y HORA DE LA ÚLTIMA TRANSACCIÓN
campo de control 20251002203457.0
008 - DATOS DE LONGITUD FIJA--INFORMACIÓN GENERAL
campo de control de longitud fija 050907s1853 fr | |||||||| ||fre d
040 ## - FUENTE DE CATALOGACIÓN
Centro catalogador/agencia de origen CAM
Lengua de catalogación spa
Centro/agencia transcriptor CAM
100 1# - ENTRADA PRINCIPAL--NOMBRE DE PERSONA
Nombre de persona Stowe, Harriet Beecher.
9 (RLIN) 108346
245 13 - MENCIÓN DEL TÍTULO
Título La case du père Tom ou Vie des nègres en Amérique /
Mención de responsabilidad, etc. par Henriette Beecher Stowe ; traduction de La Bédollière.
260 ## - PUBLICACIÓN, DISTRIBUCIÓN, ETC.
Lugar de publicación, distribución, etc. Paris :
Nombre del editor, distribuidor, etc. Gustave Barba libraire-éditeur,
Fecha de publicación, distribución, etc. 1853 (
Fabricante Plon frères imprimeurs)
300 ## - DESCRIPCIÓN FÍSICA
Extensión 323 p. ;
Dimensiones 22 cm.
700 1# - ENTRADA AGREGADA--NOMBRE PERSONAL
Nombre de persona La Bédollière, Émile de,
Fechas asociadas al nombre 1812-1883
9 (RLIN) 152767
852 ## - LOCALIZACIÓN
Ubicación ES-MaACL
Número de control de estantería G-8730
Nota libre -- Enc. hol.
Holdings
Estatus retirado Estado de pérdida Estado de daño No para préstamo Colección Biblioteca de origen Biblioteca actual Ubicación en estantería Fecha de adquisición Fuente de adquisición Total de préstamos Signatura topográfica completa Código de barras Visto por última vez Precio de reemplazo Tipo de ítem Koha
        Libros del s. XIX Biblioteca del Ateneo de Madrid Biblioteca del Ateneo de Madrid Sala Pecera Planta 3 17/01/2008     G-8730 1173876 23/02/2023 23/02/2023 Libro impreso antiguo